000 00810nam a2200253Ia 4500
003 OSt
005 20221005091426.0
006 a|||||r|||| 00| 0
007 ta
008 221004b |||||||| |||| 00| 0 eng d
020 _a0333801326 (pbk)
_c1404.19
024 _a95761
037 _b5291, 12/03/2009, Efficient Book Distributors
_cTextual
040 _aCRL
_cCRL
_beng
041 _2eng
_aeng
082 _aO111,2J64:g(NT), P2
100 _aBrown John Russell
245 0 _aShadkespeare and the theatrical event
260 _aNew York
_bPalgrave Macmillan U.S.A
_c2002
300 _aviii, 237p.
_ccm.
650 _aENGLISH LITERATURE
942 _hO111,2J64:g(NT), P2
_cTEXL
_2cc
999 _c997225
_d997225